|
|
|
|
| LEADER |
01034nam a22003132a 4500 |
| 001 |
001632252 |
| 003 |
CZ BrMZK |
| 005 |
20180618100501.0 |
| 007 |
ta |
| 008 |
180531s1966 xo er|||||||||||slo d |
| 040 |
|
|
|a BOA001
|b cze
|e aacr2
|
| 072 |
|
7 |
|a 613
|x Hygiena. Lidské zdraví
|2 Konspekt
|9 14
|
| 080 |
|
|
|a 613:37.03
|2 MRF
|
| 080 |
|
|
|a 614.2:725.51
|2 MRF
|
| 080 |
|
|
|a (072)
|2 MRF
|
| 100 |
1 |
|
|a Balážová, Eva
|7 xx0058770
|4 aut
|
| 245 |
1 |
0 |
|a Zdravotná výchova v lôžkových zariadeniach /
|c Eva Balážová
|
| 250 |
|
|
|a 1. vyd.
|
| 260 |
|
|
|a Bratislava :
|b Ústav zdravotnej výchovy,
|c 1966
|
| 300 |
|
|
|a 22 s.
|
| 490 |
1 |
|
|a Metodické príručky ;
|v zv. 27
|
| 650 |
0 |
7 |
|a výchova ke zdraví
|7 ph127426
|2 czenas
|
| 650 |
0 |
7 |
|a lůžková zařízení
|7 ph115199
|2 czenas
|
| 655 |
|
7 |
|a metodické příručky
|7 fd132826
|2 czenas
|
| 830 |
|
0 |
|a Metodické príručky
|
| 910 |
|
|
|a BOA001
|b X-0572.522
|
| 990 |
|
|
|a BK
|
| 991 |
|
|
|b 201805
|
| 996 |
7 |
|
|b 2618938282
|c X-0572.522
|l MZK
|r Sklad / do 24 hodin
|n 0
|w 001667777
|u 000010
|a 1
|e BOA001
|j MZK50
|s A
|